| 000 | 00373nam a2200145Ia 4500 | ||
|---|---|---|---|
| 008 | 230917s9999||||xx |||||||||||||| ||und|| | ||
| 040 |
_e133807 _aMAIN |
||
| 041 | _aEnglish | ||
| 082 | _a519.53 A23C | ||
| 100 | _aAnderberg, Michael R | ||
| 245 | 0 | _aCluster analysis for appllications | |
| 260 |
_aNew York _bAcademic Press _c1973 |
||
| 300 | _axii, 359 p. | ||
| 942 | _cBK | ||
| 999 |
_c216452 _d216452 |
||